| 000 | 00826nam a2200253 i 4500 | ||
|---|---|---|---|
| 008 | |||
| 040 |
_aMAIN _cNUST |
||
| 050 | 0 | 0 | _aHD6483 PAL |
| 100 | 1 | _aPalmer, John R. | |
| 245 | 1 | 4 |
_aThe use of accounting information in labor negotiations / _cby John R. Palmer. |
| 260 |
_aNew York : _bNational Association of Accountants, _c1977. |
||
| 300 |
_av, 71 p. ; _c23 cm. |
||
| 490 | 1 | _aNAA publication ; no. 7791 | |
| 504 | _aIncludes bibliographical references: p. 65-69. | ||
| 650 | 0 | _aCollective bargaining. | |
| 650 | 0 | _aAccounting. | |
| 650 | 0 | _aFinancial statements. | |
| 810 | 2 |
_aNational Association of Accountants. _tNAA publication ; _vno. 7791. |
|
| 907 |
_a.b10233519 _b20-02-07 _c20-02-07 |
||
| 003 | |||
| 005 | 20230123134405.0 | ||
| 049 | _aMAIN | ||
| 942 | _cBOOKS | ||
| 999 |
_c165086 _d165086 |
||